Cities By Historic Names - Statistics

General Stats
  • This quiz has been taken 40 times
  • The average score is 9 of 15
Answer Stats
Hint Answer % Correct
Constantinople Istanbul
100%
New Amsterdam New York
94%
Peking Beijing
91%
Saigon Ho Chi Minh
85%
Bombay Mumbai
85%
Stalingrad Volgograd
74%
Danzig Gdansk
71%
Petrograd Saint Petersburg
71%
Konigsberg Kaliningrad
65%
Lutetia Paris
53%
Christiana Oslo
50%
York Toronto
29%
La Nouvelle New Orleans
18%
Fragrant Harbour Hong Kong
15%
Piratininga Plains Sao Paulo
6%
No matching quizzes found
Score Distribution
Percent of People with Each Score
Percentile by Number Answered
Your Score History
You have not taken this quiz